00615nam a2200157 a 45000010005000000030005000050050017000100080041000270400020000682450102000882600054001903000016002445000152002606500032004126500013004444258CDMR20131015133551.0130130s1972||||||||||||||||||||||||||||d aCDMRbcatcCDMR 0aEstudios de Informaciónb: contribución a la historia de la prensa española contemporánea aMadridc1972bInstituto de la Opinión Pública a424, 112 p. aNúmero 21-22 de la publicació Estudios de Información, a càrrec de l'Instituto de la Opinión Pública, corresponent a gener-juny de 197204aPremsaxHistòriazEspanya04aRevistes